| 000 | 00701nam a2200241 i 4500 | ||
|---|---|---|---|
| 003 | DO-SdBNP | ||
| 005 | 20231031172310.0 | ||
| 006 | a||||gr|||| 00| 0 | ||
| 007 | ta | ||
| 008 | 231031e2019 dr ahc|| |||| 00| 0 spa d | ||
| 020 | _a9789945169843 | ||
| 040 |
_aDO-SdBNP _bspa _cBNPHU _erda |
||
| 082 | 4 |
_222 _bF718t |
|
| 100 | 1 |
_aForestieri S., Rolando _956547 _eautor |
|
| 245 | 1 | 0 |
_aTemas italianos. / _cRolando Forestieri S. |
| 264 |
_aSanto Domingo : _bBúho, _c2019 |
||
| 300 |
_a40 páginas : _bIlustraciones ; _c28 cm. |
||
| 336 |
_2rdacontent _atexto _btxt |
||
| 337 |
_2rdamedia _asin mediación _bn |
||
| 338 |
_2rdacarrier _avolumen _bnc |
||
| 590 | _aInventariado 2023 / MF | ||
| 942 |
_2ddc _cLF2 |
||
| 999 |
_c55354 _d55354 |
||